000
00284nam a2200121Ia 4500
005
20251222141922.0
008
251222s9999||||xx |||||||||||||| ||spa||
020
_a
978-84-234-2284-5
082
_a
658.406.3/H22
245
0
_a
Creatividad e Innovación
264
_b
Duesto
942
_c
LIB
999
_c
8732
_d
8732